Score 0/16 Timer 02:00
0 Plays Today
Clue 4-Letter Word % Correct
It's used for walking assistanceCANE
95.1%
Advil comes in this formPILL
93.2%
Moses did this to the Red SeaPART
92.8%
Evergreen treePINE
91.5%
Wrestling move: ___ driver•PILE•
90%
1980's fad and cartoon: _____ BearsCARE
87.4%
A fender bender might put this in your carDENT
86.2%
Traditional vehicle for ice creamCONE
85.4%
Clue 4-Letter Word % Correct
To trim the outer edges of somethingPARE
83.3%
Object thrown in a barDART
81%
Unleavened cornbreadPONE
80.6%
'Goodfellas' mobster Henry•HILL•
56%
FoolishDAFT
54.2%
Like a pickpocket's handsDEFT
53.8%
Science fiction novel by Frank Herbert•DUNE•
48%
A vale, particularly in narrow wooded valleyDENE
45.9%

Today's Daily Dose

Remove Ads.
Support Sporcle.
Get the best of Sporcle when you Go Orange. This ad-free experience offers more features, more stats, and more fun while also helping to support Sporcle. Thank you for becoming a member.

You're not logged in!

Compare scores with friends on all Sporcle quizzes.
OR
Log In

Show Comments

Extras

Top Quizzes Today


Score Distribution

Your Account Isn't Verified!

In order to create a playlist on Sporcle, you need to verify the email address you used during registration. Go to your Sporcle Settings to finish the process.

Report this User

Report this user for behavior that violates our Community Guidelines.

Details: